Productividad de la hierba /

Guardado en:
Autor Principal: Voisin, André
Formato: Libro
Publicado: Buenos Aires : Hemisferio Sur, 1994
Edición:2a. ed.
Materias:
Etiquetas: Agregar Etiqueta
Sin Etiquetas, Sea el primero en etiquetar este registro!
LEADER 00584nam a22002175a 4500
001 CEM.cems016725
005 20121015160513.0
008 130507s1994##################000#0#####d
003 CEMS
020 |a 9505045247 
082 0 4 |a 633.2 
100 1 |a Voisin, André 
245 1 0 |a Productividad de la hierba /  |c André Voisin, 
250 |a 2a. ed. 
260 |a Buenos Aires :  |b Hemisferio Sur,  |c 1994 
300 |a 552 p. 
653 |a Agricultura 
653 |a Pastoreo 
653 |a Hierba 
653 |a Vacunos-alimentación 
859 |a CEMS  |b BIB. CEMS - Agricultura  |h 633.2  |i V877  |p A18251.95  |t Ej.1